Clash Royal Cards Sudden Death - Statistics

General Stats
  • This quiz has been taken 47 times
  • The average score is 9 of 11
Answers on the Grid
Answers color-coded by a green-red scale on the quiz's grid according to % correct below.
Golem
Mega goblin
Super giant
Musketeer
Hog rider
Angler
P.E.M.M.A
Mini P.E.M.M.A
Berserker
Cheese monger
Ooga menace
Boss bandit
Mega minion
Moblins
Mewtwo
Air spirit
Fire spirit
Barbarians
King giant
Bob the skeleton
Wall breakers
Vines
Firecracker
John
 
Answer Stats
Answer % Correct
Barbarians
86%
Golem
86%
Musketeer
86%
Fire spirit
84%
Hog rider
84%
Berserker
81%
Wall breakers
81%
Boss bandit
78%
Firecracker
78%
Vines
76%
Mega minion
73%
No matching quizzes found
Score Distribution
Percent of People with Each Score
Percentile by Number Answered
Your Score History
You have not taken this quiz